000 00448nam a2200181Ia 4500
001 10747
005 20260306161855.0
008 260306t1981||||xx |||||||||||||| ||spa||
041 _aESP
082 _a946.9044
_bB95
100 _aBusquets, Julio
_eAUT
245 0 _aEl golpe:
_banatomía y claves del asalto al congreso
260 _c1981
300 _a197 páginas :
_c22 cm.
650 _aGEN
654 _aCHU
942 _cLIB
_dJUS
_fJUS
_2ddc
_n
999 _c10747
_d10747